Tigger / (Record no. 4048)

MARC details
000 -LEADER
fixed length control field 01232nam a22002417a 4500
001 - CONTROL NUMBER
control field 4048
003 - CONTROL NUMBER IDENTIFIER
control field FISKH
005 - DATE AND TIME OF LATEST TRANSACTION
control field 20260318135327.0
008 - FIXED-LENGTH DATA ELEMENTS--GENERAL INFORMATION
fixed length control field 240603b cb ||||| |||| 00| 0 eng d
040 ## - CATALOGING SOURCE
Original cataloging agency FISKH
Language of cataloging eng
Transcribing agency FISKH
Modifying agency FISKH
082 ## - DEWEY DECIMAL CLASSIFICATION NUMBER
Edition number 793.73
100 ## - MAIN ENTRY--PERSONAL NAME
Personal name Milne, A.A.
Relator term author
245 ## - TITLE STATEMENT
Title Tigger /
Statement of responsibility, etc. by A. A. Milne
260 ## - PUBLICATION, DISTRIBUTION, ETC.
Place of publication, distribution, etc. California :
Name of publisher, distributor, etc. Disney Enterprises , Inc ;
Date of publication, distribution, etc. 2018
300 ## - PHYSICAL DESCRIPTION
Extent 8 unnumbered pages :
Other physical details color illustrations ;
Dimensions 10 cm .
505 ## - FORMATTED CONTENTS NOTE
Formatted contents note B <br/>
520 ## - SUMMARY, ETC.
Summary, etc. The latest addition to Dutton's Winnie-the-Pooh Collection is big news indeed. These giant-sized, shaped board books celebrate Pooh and Tigger as the superstars they are. Big enough to hug, and featuring sturdy boards and safely rounded edges, they are designed for the youngest devotees of the Bear of Little Brain. With full-image covers, very large type, and up-close illustrations, these striking books will grab preschoolers' attention and hold it.As always, Dutton brings the world of Winnie-the-Pooh to readers of all ages. These new titles bring that world closer than ever before.
521 8# - TARGET AUDIENCE NOTE
Target audience note 40 <br/>
Source Lexile <br/>
521 8# - TARGET AUDIENCE NOTE
Target audience note B <br/>
Source Raz-Plus <br/>
650 ## - SUBJECT ADDED ENTRY--TOPICAL TERM
Topical term or geographic name entry element Board book
Form subdivision Fiction
942 ## - ADDED ENTRY ELEMENTS (KOHA)
Source of classification or shelving scheme Dewey Decimal Classification
Koha item type Books
Suppress in OPAC No
Holdings
Withdrawn status Lost status Source of classification or shelving scheme Damaged status Not for loan Collection Home library Current library Shelving location Date acquired Total Checkouts Full call number Barcode Date last seen Price effective from Koha item type
    Dewey Decimal Classification     Fiction Footprints International School Library Network Toul Tom Poung Campus Footprints International School Library Network Toul Tom Poung Campus TTP Primary Green Bookshelves 06/03/2024   MIL 793.73 FISCT00051 06/03/2024 06/03/2024 Books